Best NBA Starting Lineup - Statistics

General Stats
  • This quiz has been taken 121 times
  • The average score is 8 of 10
Answer Stats
Hint Answer % Correct
SF LeBron James
97%
SG Michael Jordan
95%
PG Magic Johnson
89%
SG Kobe Bryant
85%
C Kareem Abdul-Jabbar
84%
PF Tim Duncan
84%
SF Larry Bird
80%
C Wilt Chamberlain
80%
PF Bill Russell
60%
PG Oscar Robertson
50%
No matching quizzes found
Score Distribution
Percent of People with Each Score
Percentile by Number Answered
Your Score History
You have not taken this quiz